| 000 | 00661nam a2200193Ia 4500 | ||
|---|---|---|---|
| 003 | IN-BaIIA | ||
| 008 | 211028s9999 xx 000 0 eng d | ||
| 020 | _a978-1-8467-236-7 | ||
| 040 | _cIIA Library | ||
| 080 |
_a[8]:01:00 _bMUR |
||
| 100 |
_aMurthy, M. S. S _934716 |
||
| 245 | 0 |
_aBharateeya khabhowta vijnanada pitamaha Prof.Vainu Bappu (Kannada) _blife and achievements of Prof.M.K.Vainu Bappu _cM. S. S. Murthy |
|
| 260 |
_aBangalore _bNavakarnataka Publications _c2011 |
||
| 300 | _a104p. | ||
| 650 |
_aBiography-Vainu Bappu, M.K _934717 |
||
| 650 |
_aVainu Bappu, M.K.-Biography _934718 |
||
| 650 |
_aVainu Bappu, M.K.(1927-1982) _934719 |
||
| 942 | _cBK | ||
| 999 |
_c18158 _d18158 |
||